| 000 | 00596nam a2200217 i 4500 | ||
|---|---|---|---|
| 001 | bg | ||
| 245 | 0 |
_aFosfor-P2O5 / _c[oprac. Bogusław Bąk i in.]. |
|
| 260 |
_aWarszawa : _bWydaw-a Geologiczne, _c1987. |
||
| 300 |
_a302 s. : _bmapy, rys. wykr. ; _c24 cm. |
||
| 490 | 1 | _aSurowce Mineralne Świata | |
| 504 | _aBibliogr. s. 299-302. | ||
| 700 | 1 |
_aBĄK, Bogusław. _eoprac. |
|
| 830 | _aSurowce Mineralne Świata | ||
| 020 | _a8322002963 | ||
| 040 | _cBPK | ||
| 041 | _apol | ||
| 080 | _a546.18 | ||
| 920 | _a83-220-0296-3 | ||
| 942 | _cKS | ||
| 008 | s pl f |000 0 pol | ||
| 999 |
_c23859 _d23859 |
||
| 856 |
_uhttp://koha.tu.koszalin.pl/cgi-bin/koha/opac-detail.pl?biblionumber=23859 _yKatalog online BPK |
||